000 00546nam a2200205Ia 4500
003 BUBTL
008 151213s9999 xx 000 0 und d
020 _a81-8247-107-9
082 _a677MAT
100 _aMahadevan,M.G.
_91077
245 _aTextile Spinning Weaving And Design
260 _aNew Delhi
_bAbhishek Publications
_cc2009
300 _a277p.
_c22cm.
650 _aTextile
650 _aTextile Engineering
700 _aMahadevan,M.G.
_91078
856 _k0
_l0
_yDownload
942 _2ddc
_cBK
999 _c4409
_d4409